| 000 | 01022cam a2200217 4500 | ||
|---|---|---|---|
| 001 | WB3830-11 | ||
| 008 | 020814n2002 000 0 eng u | ||
| 035 | _a(Sirsi) u119326 | ||
| 245 | _aResidential property forecast | ||
| 260 | _c2002 | ||
| 490 |
_aRICS Economic Forecasts _v August 2002, (3) |
||
| 520 | _aLatest residential property forecast for the UK shows house prices expected to rise 19% in 2002 with prices increasingly stretched relative to incomes. A shortfall in house building has led high income households to drive prices up. Warns that there is a general risk of an economic slowdown in the UK economy following a marked drop in the stockmarket. For the economic forecast: http://www.rics.org.uk/downloads/res_forecasts_Aug2002.pdf | ||
| 590 | _aWB | ||
| 650 | _aECONOMIC FORECASTS | ||
| 650 |
_aRESIDENTIAL PROPERTY _96266 |
||
| 650 | _aINTEREST RATES | ||
| 650 | _aHOUSE PRICES | ||
| 650 | _aSTOCK MARKET | ||
| 690 | _aPROPERTY-RESIDENTIAL PROPERTY-RESIDENTIAL PROPERTY MARKET | ||
| 942 | _n0 | ||
| 999 |
_c70946 _d70946 |
||